00484 2200193 4500245004100000020001800041250001100059100001700070700001600087700001700103650002000120005001900140260004200159041001400201084001000215300002100225490003500246336000900281 aKomunikasi ChillcEmma AliudinhText a9786230312762 aCet. 1 aEmma Aliudin aBrilyantini aYoke Yuliana aIlmu Komunikasi a20241008151532 aJakartabGramedia Pustaka Utamac2024 aIndonesia a302.2 a12 hlm. :cilus. aSeri Komunikasi Bebas Hambatan atext